[Event "M.Botvinnik Memorial 2012"]
[Site "St. Petersburg, Russia"]
[Date "2012.09.02"]
[Round "9.97"]
[White "Fokin, Anatoly"]
[Black "Fedoseeva, Valentina"]
[Result "0-1"]
[WhiteElo "1803"]
[BlackElo "1957"]
[PlyCount "166"]
[EventDate "2012.08.25"]

1. d4 Nf6 2. c4 e6 3. Nc3 d5 4. Bg5 Be7 5. e3 h6 6. Bh4 b6 7. cxd5 Nxd5 8. Bxe7
Qxe7 9. Rc1 Bb7 10. Nf3 O-O 11. Bd3 Nxc3 12. Rxc3 Na6 13. Qe2 Nb4 14. Bb1 Ba6
15. Qd2 Rfd8 16. a3 Nd5 17. Rc1 Rdc8 18. Qc2 Nf6 19. b4 Bb7 20. O-O a5 21. Qb2
axb4 22. axb4 Ra4 23. b5 Rb4 24. Qe2 Ra4 25. Ne5 Qd6 26. f3 Raa8 27. Nc6 Nd7
28. Qd3 g6 29. h4 h5 30. Rc3 Kg7 31. f4 Nb8 32. Ne5 f5 33. Rfc1 c6 34. Qc2 Rc7
35. Ba2 Kf6 36. Nc4 Qd5 37. Bb3 Ra7 38. Nxb6 Qxb5 39. Nc4 Qd5 40. Ne5 Qd6 41.
Nd3 Nd7 42. Nc5 Nxc5 43. Rxc5 Rc8 44. Qc3 Kf7 45. Qb4 Qe7 46. Qc4 Qd7 47. e4
Kf6 48. d5 cxd5 49. Qd4+ Kf7 50. exf5 Rxc5 51. fxg6+ Kxg6 52. Qxc5 Ra8 53. Qd4
Ba6 54. Qe5 Qa7+ 55. Kh2 Qe7 56. Kh3 Bd3 57. g3 Bf5+ 58. Kh2 Qf6 59. Rc6 Qxe5
60. fxe5 Ra5 61. Rb6 Rc5 62. Kg2 Bg4 63. Kf2 Kf5 64. Ba4 Kxe5 65. Ke3 Rc3+ 66.
Kf2 Rf3+ 67. Kg2 Re3 68. Bd7 Re2+ 69. Kf1 Rc2 70. Be8 Rc8 71. Bg6 Kd4 72. Kf2
e5 73. Rb4+ Rc4 74. Rb5 e4 75. Bf7 Rc5 76. Rb4+ Kc3 77. Ra4 d4 78. Ra3+ Kd2 79.
Ra2+ Rc2 80. Rxc2+ Kxc2 81. Bg6 Bf3 82. g4 d3 83. Be8 Bxg4 0-1

[Event "M.Botvinnik Memorial 2012"]
[Site "St. Petersburg, Russia"]
[Date "2012.09.02"]
[Round "9.98"]
[White "Kaneyama, Men Cher"]
[Black "Veelenturf, Wim"]
[Result "1-0"]
[WhiteElo "1955"]
[BlackElo "1690"]
[PlyCount "87"]
[EventDate "2012.08.25"]

1. e4 c6 2. d4 d5 3. Nc3 dxe4 4. Nxe4 Bf5 5. Ng3 Bg6 6. Nf3 Nd7 7. Bd3 Bxd3 8.
Qxd3 Qc7 9. Be3 h6 10. O-O Ngf6 11. c4 e6 12. Nd2 Be7 13. f4 g6 14. Qc3 a5 15.
a3 Rh7 16. Rae1 O-O-O 17. Nge4 Nxe4 18. Nxe4 Nf6 19. Qc2 Nxe4 20. Qxe4 Bf6 21.
Rd1 Rhh8 22. b4 Rhe8 23. Rb1 Qd6 24. Rfd1 Bg7 25. c5 Qd5 26. Qxd5 exd5 27. Bf2
Re4 28. bxa5 Kc7 29. Rb4 Ra8 30. Rdb1 Ra7 31. h3 f5 32. a6 bxa6 33. Rb8 Re7 34.
R1b6 Bf6 35. Rg8 Bg7 36. Rbb8 Kd7 37. Rgd8+ Kc7 38. Rbc8+ Kb7 39. Rg8 a5 40. a4
g5 41. g4 fxg4 42. f5 g3 43. Rb8+ Ka6 44. Rb6# 1-0

[Event "M.Botvinnik Memorial 2012"]
[Site "St. Petersburg, Russia"]
[Date "2012.09.02"]
[Round "9.99"]
[White "Ladzin, Ivan"]
[Black "Zakharov, Yuri"]
[Result "0-1"]
[WhiteElo "1791"]
[BlackElo "1907"]
[PlyCount "76"]
[EventDate "2012.08.25"]

1. d4 Nf6 2. Bg5 g6 3. c4 Bg7 4. Nc3 d6 5. Nf3 h6 6. Bxf6 exf6 7. e4 O-O 8. Be2
Nc6 9. d5 Ne7 10. Rc1 f5 11. exf5 Nxf5 12. O-O b6 13. Bd3 a6 14. Bxf5 Bxf5 15.
Nd4 Bd7 16. Qd2 Qh4 17. Nce2 Rfe8 18. Nf3 Qf6 19. b3 h5 20. Ned4 Re4 21. Rcd1
Rae8 22. Rfe1 Bg4 23. h3 Bd7 24. Rxe4 Rxe4 25. Qd3 Re7 26. Kf1 g5 27. Ne1 g4
28. hxg4 hxg4 29. Nec2 Qh4 30. Kg1 Be5 31. g3 Qh5 32. Re1 f5 33. Qf1 Rh7 34.
Qg2 Qg6 35. f4 gxf3 36. Nxf3 Bxg3 37. Ncd4 f4 38. Ne2 Bh3 0-1

[Event "M.Botvinnik Memorial 2012"]
[Site "St. Petersburg, Russia"]
[Date "2012.09.02"]
[Round "9.101"]
[White "Chuprova, Irina"]
[Black "Sorokina, Svetlana"]
[Result "1-0"]
[WhiteElo "1972"]
[BlackElo "1713"]
[PlyCount "117"]
[EventDate "2012.08.25"]

1. e4 e5 2. f4 exf4 3. Nf3 d6 4. Bc4 Be7 5. O-O Nf6 6. d4 O-O 7. Bd3 Bg4 8.
Bxf4 Nc6 9. c3 d5 10. e5 Ne4 11. Nbd2 f5 12. Qb3 Na5 13. Qa4 c5 14. Kh1 c4 15.
Bc2 a6 16. Bxe4 fxe4 17. Ng1 b5 18. Qc2 Nc6 19. a4 Bf5 20. Qd1 b4 21. Ne2 a5
22. Be3 Bg5 23. Nf4 Ne7 24. Rf2 Ng6 25. Nxd5 Bh4 26. Nf6+ Rxf6 27. exf6 Bxf2
28. f7+ Kxf7 29. Bxf2 Qd5 30. Be3 Kg8 31. Qh5 Be6 32. Qxd5 Bxd5 33. Rf1 Rf8 34.
Kg1 Ne7 35. Rxf8+ Kxf8 36. Bf4 Nc6 37. Kf2 bxc3 38. bxc3 Ne7 39. Bd6 Ke8 40.
Bxe7 Kxe7 41. Ke3 h6 42. Nxe4 Bc6 43. Nd2 Bd5 44. Kf4 Ke6 45. h4 g6 46. g4 Kf6
47. Ne4+ Ke6 48. Nc5+ Kd6 49. Ne4+ Ke6 50. g5 h5 51. Nd2 Kd6 52. Nf3 Bc6 53.
Ne5 Bxa4 54. Nxc4+ Kc6 55. Ke5 Kb5 56. Na3+ Kc6 57. c4 Bd1 58. Kf6 Kd6 59. Kxg6
1-0

[Event "M.Botvinnik Memorial 2012"]
[Site "St. Petersburg, Russia"]
[Date "2012.09.02"]
[Round "9.103"]
[White "Panov, Konstantin"]
[Black "Kamnev, Alexander"]
[Result "0-1"]
[WhiteElo "1604"]
[BlackElo "1890"]
[PlyCount "132"]
[EventDate "2012.08.25"]

1. e4 c5 2. Nf3 d6 3. d4 cxd4 4. Nxd4 Nf6 5. Nc3 a6 6. Be3 e5 7. Nb3 Be6 8. Be2
Be7 9. f3 Nbd7 10. Qd2 O-O 11. O-O-O b5 12. Nd5 Bxd5 13. exd5 Nb6 14. Bxb6 Qxb6
15. Bd3 h6 16. Kb1 a5 17. Be4 a4 18. Nc1 b4 19. Nd3 Rfb8 20. h4 b3 21. a3 bxc2+
22. Qxc2 Rc8 23. Qd2 Rc4 24. Qf2 Rd4 25. Rhe1 Rb8 26. Qc2 Nxd5 27. Bxd5 Rxd5
28. Re4 Rd4 29. Rxd4 exd4 30. Qxa4 Bxh4 31. Qb4 Qa7 32. Qxd6 Be7 33. Qd5 Qxa3
34. Qa2 Qd6 35. Qa7 Re8 36. Qa4 Rd8 37. Qa7 Bh4 38. f4 Qg6 39. Qb7 Qf5 40. Qf3
Rb8 41. g4 Qb5 42. Qg2 Bf6 43. Qc2 Re8 44. Re1 Rxe1+ 45. Nxe1 Qf1 46. Qc8+ Kh7
47. Qf5+ g6 48. Qxf6 Qxe1+ 49. Ka2 Qa5+ 50. Kb1 Qd5 51. Kc2 Kg8 52. Qh4 Qe4+
53. Kd2 Qxf4+ 54. Kd3 Qe3+ 55. Kc4 Kg7 56. b4 Qc3+ 57. Kb5 d3 58. Qg3 Qd4 59.
Qf3 d2 60. Qd1 Qd5+ 61. Ka6 Qc6+ 62. Ka5 Qc1 63. Qe2 Qa1+ 64. Kb6 d1=Q 65. Qc4
Qd6+ 66. Kb5 Qaa6# 0-1

[Event "M.Botvinnik Memorial 2012"]
[Site "St. Petersburg, Russia"]
[Date "2012.09.02"]
[Round "9.104"]
[White "Egorov, Daniil"]
[Black "Bezobrazov, Lev"]
[Result "1-0"]
[WhiteElo "1824"]
[BlackElo "1675"]
[PlyCount "59"]
[EventDate "2012.08.25"]

1. e4 e5 2. Nf3 Nc6 3. Bb5 a6 4. Ba4 d6 5. O-O Nf6 6. Re1 Be7 7. c3 O-O 8. d3
Nd7 9. d4 exd4 10. cxd4 Bf6 11. Nc3 b5 12. Bc2 g6 13. Bh6 Re8 14. Rc1 Bb7 15.
a4 b4 16. Nd5 Bg7 17. Qd2 a5 18. Bb3 Bxh6 19. Qxh6 Rc8 20. Ng5 Nf8 21. Nxf7
Kxf7 22. Nxc7+ Kf6 23. Nd5+ Ke6 24. Nb6+ Kf6 25. Nxc8 Nxd4 26. Qf4+ Kg7 27.
Nxd6 Re7 28. Nxb7 Rxb7 29. Qe5+ Kh6 30. Bd5 1-0

[Event "M.Botvinnik Memorial 2012"]
[Site "St. Petersburg, Russia"]
[Date "2012.09.02"]
[Round "9.105"]
[White "Lyazhkov, Sergey"]
[Black "Levdansky, Alexey"]
[Result "1-0"]
[WhiteElo "1769"]
[BlackElo "1716"]
[PlyCount "135"]
[EventDate "2012.08.25"]

1. Nf3 c5 2. g3 Nc6 3. Bg2 g6 4. O-O Bg7 5. d3 Nf6 6. e4 O-O 7. Nc3 d5 8. Bg5
dxe4 9. dxe4 Bd7 10. Re1 h6 11. Bxf6 Bxf6 12. e5 Bg7 13. Na4 b6 14. Nc3 Rc8 15.
Qd2 Be6 16. Rad1 Qxd2 17. Rxd2 Rfd8 18. Nb5 Rxd2 19. Nxd2 a6 20. Bxc6 Rxc6 21.
Nc3 Bd5 22. Nxd5 Kf8 23. Nc3 b5 24. Nf3 f6 25. e6 f5 26. Ne5 Bxe5 27. Rxe5 b4
28. Na4 c4 29. Nc5 a5 30. Kf1 Kg7 31. Nd7 a4 32. Re3 b3 33. axb3 c3 34. bxa4
cxb2 35. Rb3 Rxc2 36. Kg2 Re2 37. a5 g5 38. Nc5 Re5 39. Nd3 Rxa5 40. Rxb2 Ra6
41. Re2 Kf6 42. Nc5 Rc6 43. Nd7+ Kg7 44. Re5 f4 45. g4 Rd6 46. Re4 Rc6 47. Re5
Rd6 48. Nc5 Rc6 49. f3 Kg6 50. Rf5 h5 51. h4 gxh4 52. Rxh5 Kg7 53. Kh3 Kg6 54.
Kxh4 Rd6 55. Rg5+ Kh6 56. Rf5 Rc6 57. Nd3 Rc3 58. Rh5+ Kg6 59. Nxf4+ Kg7 60.
Kg3 Rc1 61. Nd5 Rg1+ 62. Kf2 Rb1 63. Nxe7 Rb6 64. Nf5+ Kg6 65. Rh6+ Kg5 66. Kg3
Rb4 67. e7 Rc4 68. e8=Q 1-0

[Event "M.Botvinnik Memorial 2012"]
[Site "St. Petersburg, Russia"]
[Date "2012.09.02"]
[Round "9.107"]
[White "Bezulenko, Evgeny"]
[Black "Kokhnover, Ilya"]
[Result "1-0"]
[WhiteElo "1915"]
[BlackElo "1743"]
[PlyCount "83"]
[EventDate "2012.08.25"]

1. f4 c5 2. Nf3 g6 3. e3 Bg7 4. d4 Nf6 5. Nbd2 O-O 6. Be2 d5 7. Ne5 Nc6 8. c3
Qc7 9. O-O Nd7 10. Nxd7 Bxd7 11. dxc5 e5 12. Nb3 Be6 13. Bg4 f5 14. Bf3 e4 15.
Be2 Bf7 16. Nd4 a5 17. a4 Qe7 18. b3 Rfd8 19. Ba3 Qd7 20. Bb5 Qc7 21. Kh1 h6
22. Ra2 Kh7 23. g4 fxg4 24. Qxg4 Rg8 25. h4 Rac8 26. Rg2 Nxd4 27. cxd4 h5 28.
Qh3 Bh6 29. f5 gxf5 30. Qxf5+ Bg6 31. Qd7+ Qxd7 32. Bxd7 Rcd8 33. Be6 Rgf8 34.
Rfg1 Rf6 35. Rxg6 Rxg6 36. Bf5 Rdg8 37. Rg3 Bf8 38. Kg2 Kh6 39. Rxg6+ Rxg6+ 40.
Bxg6 Kxg6 41. c6 bxc6 42. Bxf8 1-0

[Event "M.Botvinnik Memorial 2012"]
[Site "St. Petersburg, Russia"]
[Date "2012.09.02"]
[Round "9.108"]
[White "Timirev, Sergey"]
[Black "Sokolov, Ilia"]
[Result "0-1"]
[WhiteElo "1848"]
[BlackElo "1712"]
[PlyCount "60"]
[EventDate "2012.08.25"]

1. e4 g6 2. d4 Bg7 3. Nc3 d6 4. Nf3 Nf6 5. Be2 O-O 6. O-O e5 7. dxe5 dxe5 8.
Bg5 Be6 9. h3 Nc6 10. a3 h6 11. Be3 a6 12. Qc1 h5 13. Rd1 Qe7 14. Nd5 Bxd5 15.
exd5 Nb8 16. c4 Nbd7 17. b4 Nh7 18. Rb1 f5 19. Bh6 f4 20. Bxg7 Qxg7 21. Bd3 g5
22. Qc2 Nhf6 23. Bf5 g4 24. hxg4 hxg4 25. Nh4 Qh6 26. Be6+ Kh8 27. Ng6+ Kg7 28.
Nxf8 Nxf8 29. Qe2 Nxe6 30. dxe6 Rh8 0-1

[Event "M.Botvinnik Memorial 2012"]
[Site "St. Petersburg, Russia"]
[Date "2012.09.02"]
[Round "9.110"]
[White "Trumul, Svetlana"]
[Black "Oxener, Aldo"]
[Result "0-1"]
[WhiteElo "1474"]
[BlackElo "1513"]
[PlyCount "72"]
[EventDate "2012.08.25"]

1. e4 d5 2. exd5 Qxd5 3. Be2 Nf6 4. Nf3 a6 5. Nc3 Qd6 6. O-O b5 7. d3 Bb7 8. a3
Nbd7 9. b4 e6 10. Bb2 Be7 11. Qd2 O-O 12. Rad1 c5 13. Ng5 cxb4 14. Nce4 Nxe4
15. Nxe4 Bxe4 16. dxe4 Qxd2 17. Rxd2 Nc5 18. Bf3 Na4 19. Rd7 bxa3 20. Rxe7 axb2
21. Rb1 Rac8 22. Bd1 Nc3 23. Rxb2 Nxd1 24. Ra2 Ra8 25. Ra1 Rfd8 26. Kf1 Nc3 27.
f3 a5 28. e5 a4 29. f4 a3 30. f5 a2 31. fxe6 fxe6 32. Rxe6 Rd1+ 33. Rxd1 Nxd1
34. Ke2 a1=Q 35. Re7 Nc3+ 36. Kd3 Rd8+ 0-1